The Medium-Term Debt Management Strategy : An Assessment of Recent Capacity Building -- Annexes.

This medium-term debt management strategy paper discusses the assessment of recent capacity building. The effective debt management and hence the design and implementation of a debt management strategy depend on the macroeconomic and institutional context, but the connection is two-way: sound debt m...

وصف كامل

التفاصيل البيبلوغرافية
مؤلف مشترك: International Monetary Fund
التنسيق: دورية
اللغة:English
منشور في: Washington, D.C. : International Monetary Fund, 2017.
سلاسل:Policy Papers; Policy Paper ; No. 2017/043
الموضوعات:
الوصول للمادة أونلاين:Full text available on IMF
LEADER 02361cas a2200301 a 4500
001 AALejournalIMF020702
008 230101c9999 xx r poo 0 0eng d
020 |c 5.00 USD 
020 |z 9781498346566 
022 |a 2663-3493 
040 |a BD-DhAAL  |c BD-DhAAL 
110 2 |a International Monetary Fund. 
245 1 4 |a The Medium-Term Debt Management Strategy :   |b An Assessment of Recent Capacity Building -- Annexes. 
264 1 |a Washington, D.C. :  |b International Monetary Fund,  |c 2017. 
300 |a 1 online resource (30 pages) 
490 1 |a Policy Papers 
500 |a <strong>Off-Campus Access:</strong> No User ID or Password Required 
500 |a <strong>On-Campus Access:</strong> No User ID or Password Required 
506 |a Electronic access restricted to authorized BRAC University faculty, staff and students 
520 3 |a This medium-term debt management strategy paper discusses the assessment of recent capacity building. The effective debt management and hence the design and implementation of a debt management strategy depend on the macroeconomic and institutional context, but the connection is two-way: sound debt management is critical to macro and financial stability, and financial and overall development. Within the constraints of the macroeconomic framework, the debt manager has the delicate task of balancing domestic and external sources of financing of various tenors to meet the government funding needs at low over-all cost and contained risk. Sound debt management contributes to reduced macro-financial risks, complementing prudent fiscal management and monetary policy implementation. Debt management contributes to market and institutional development. The debt manager's ability to cover external public financing requirements through external debt issuance and avoid undue bunching of debt service obligations helps reduce crowding out, exchange rate pressures, or large swings in international reserves. 
538 |a Mode of access: Internet 
650 7 |a Annexes IMF Policy Paper  |2 imf 
650 7 |a Annexes Paper  |2 imf 
650 7 |a Assessment Of Recent Capacity Building  |2 imf 
650 7 |a PP  |2 imf 
650 7 |a Strategy  |2 imf 
830 0 |a Policy Papers; Policy Paper ;  |v No. 2017/043 
856 4 0 |z Full text available on IMF  |u http://elibrary.imf.org/view/journals/007/2017/043/007.2017.issue-043-en.xml  |z IMF e-Library